Estadísticas para Países de tamaños parecidos #7 - Rumanía

Haz click aquí para intentar la prueba.

Estadísticas generales

  • Esta prueba ha sido intentada 54 veces
  • La puntuación promedio es 6 de 10

Respuestas en el mapa

Las respuestas están codificadas por una escala verde-roja en el mapa de la prueba según el % correcto abajo.
 

Estadísticas de respuestas

Área de superficie (km^2)País% Correcto
202,900Bielorrusia
93%
257,667Gabón
71%
256,369Ecuador
64%
227,533Ghana
55%
241,930Reino Unido
55%
197,100Uganda
52%
245,717Guinea
48%
196,849Guyana
45%
230,800Laos
45%
262,443Nueva Zelanda
29%

Distribución de puntuación

Porcentaje por número respondido

Porcentaje de gente con cada puntuación

Historial de tus puntuaciones

No has intentado esta prueba.